Biggest Countries of the Sahel - Sudden Death - Statistics

General Stats
  • This quiz has been taken 49 times
  • The average score is 4 of 7
Answers on the Grid
Answers color-coded by a green-red scale on the quiz's grid according to % correct below.
Cameroon
Niger
Nigeria
South Sudan
Mauritania
Algeria
Mali
Senegal
Eritrea
Chad
Burkina Faso
Sudan
 
Answer Stats
Answer % Correct
Mali
80%
Niger
80%
Chad
70%
Algeria
60%
Mauritania
40%
Sudan
30%
Nigeria
20%
No matching quizzes found
Score Distribution
Percent of People with Each Score
Percentile by Number Answered
Your Score History
You have not taken this quiz